Statystyki dla Czy znasz stare Polskie piosenki?

Kliknij tutaj aby rozwiązać quiz!

Ogólne statystyki

  • Ten quiz został rozwiązany 664 razy
  • Średni wynik to 6 z 16

Statystyki odpowiedzi

Fragment piosenkiTytuł% Poprawnych
"jedno warto znać, jedno tylko wiec"Dni których nie znamy
70%
"ja uczyć się ciężko waszego języka, i dostać raz w zęby gdy iść po ulica"Makumba
68%
"przyprowadziłem cię z ulicy, nakarmiłem i odziałem cię jak brat"Mój przyjacielu
68%
"by zabrał mnie z powrotem, tam gdzie masz swój świat"Zawsze tam gdzie ty
63%
"już pod koniec dnia pustej szklanki dźwięk, to chyba sen"Jak anioła głos
60%
"cisza chciałbym toast wznieść, jak można to na cześć"Prawy do lewego
43%
"barwy dnia twój krzyk i barwy nocy"Pokolenie
40%
"Będą ci grały skrzypce lipowe, będą śpiewały jarzębinowe"Będziesz moją panią
39%
"to my małe i duże problemy przeżyjemy to nic"Chcę tu zostać
35%
"lato umiera jesieni czas w blaszany daszek tłucze deszcz"Jej czarne oczy
31%
"solo moich ust, gitarowy blues, kilka dróg na skrót, parę stóp"Nie mogę ci wiele dać
22%
"stanąć z tyłu czy z przodu, no i pobujać się"Bo ja tańczyć chce
13%
"zwyczajne kwiaty na parapecie, po kątach też zwykły kurz"Nic nie może wiecznie trwać
13%
"ścieżka wydeptana, życie zmarnowane nie mówił nic"Tarzan
10%
"bliższy się wydaje człowiek,serce mi z tęsknoty pęka"Kawałek do tańca
9%
"zabito prezydenta, morderca jest nieznany czołgi różnej produkcji, złote plaże zorały"Liban
4%

Rozkład punktacji

Percentyl według liczby udzielonych odpowiedzi

Procent ludzi z każdym wynikiem

Twoja historia wyników

Nie rozwiązałeś tego quizu